Water resources management in industrial areas (Record no. 37385)

MARC details
000 -LEADER
fixed length control field 00343nam a2200133Ia 4500
082 ## - DEWEY DECIMAL CLASSIFICATION NUMBER
Classification number 628.1
Item number BEA
245 #0 - TITLE STATEMENT
Title Water resources management in industrial areas
260 ## - PUBLICATION, DISTRIBUTION, ETC. (IMPRINT)
Place of publication Dublin
Name of publisher Tycology
Year of publication 1982
650 ## - SUBJECT ADDED ENTRY--TOPICAL TERM
Topical Term Water use
700 ## - ADDED ENTRY--PERSONAL NAME
Personal name Beard, Leo R
700 ## - ADDED ENTRY--PERSONAL NAME
Personal name Maxwell, W H C
942 ## - ADDED ENTRY ELEMENTS (KOHA)
Koha item type Books
Holdings
Withdrawn status Lost status Damaged status Not for loan Home library Current library Date acquired Cost, normal purchase price Full call number Accession Number Koha item type
        RRII Library RRII Library 16/12/2021 65.00 628.1 BEA 17771 Books